00534nam a2200169Ia 4500020001800000082001600018100002800034245006600062260004000128300001400168440004400182504003200226650002300258650003400281650003000315700001900345 a9780081018941 a025.5 PUL-E aPulido, Margarita Perez 0aEthics management in libraries and other information services aCambridgebChandos Publishingc2018 axii, 174p aChandos information professional series aIncludes references & index aLibrary management aEthics managementvEFQM Model aUser servicesvmanagement aRikowski, Ruth